[Event "Cadiz-ch Youth+Experts"]
[Site "Chiclana"]
[Date "2015.02.21"]
[Round "1.2"]
[White "Medina Villalba, Miguel"]
[Black "Urbina Perez, Juan Antonio"]
[Result "0-1"]
[WhiteElo "1863"]
[BlackElo "2221"]
[PlyCount "90"]
[EventDate "2015.02.21"]
[EventType "swiss"]
[EventRounds "6"]
[EventCountry "ESP"]
[SourceTitle "EXT 2024"]
[Source "ChessBase"]
[SourceDate "2023.10.10"]
[SourceVersion "1"]
[SourceVersionDate "2023.10.10"]
[SourceQuality "1"]

1. d4 e6 2. c4 Nf6 3. Nf3 Bb4+ 4. Bd2 c5 5. e3 b6 6. Nc3 Bb7 7. Bd3 0-0 8. 0-0 d6 9. Bc2 a6 10. Qe2 Nbd7 11. e4 cxd4 12. Nxd4 Rc8 13. a3 Bxc3 14. Bxc3 Qc7 15. Bd3 Ne5 16. f3 Nxd3 17. Qxd3 Qxc4 18. Qe3 Qa4 19. Rfd1 Rfd8 20. Qg5 Ne8 21. Rac1 Qd7 22. Ne2 Bc6 23. Nf4 e5 24. Nd5 Bxd5 25. Rxd5 f6 26. Qe3 Rc6 27. Rcd1 Qc7 28. f4 Rc5 29. R5d3 a5 30. b4 exf4 31. Qd2 Rc4 32. e5 fxe5 33. Bxe5 Qc6 34. Rf3 axb4 35. axb4 d5 36. Rxf4 Rxf4 37. Qxf4 Qe6 38. Rf1 Nd6 39. Bd4 b5 40. Bc5 h6 41. Bxd6 Rxd6 42. Qf8+ Kh7 43. Rf7 Qe3+ 44. Kf1 Rg6 45. g3 d4 0-1